Szczegóły MARC21

Referaty kongresu "Transport 2000" = Papers of kongress "Transport 2000" /

003 -Nazwa inst., której nr kontr. jest w polu 001 [,]
    • @
    • Nazwa instytucji, której n kontrolny jest w polu 001
    • NUKAT
005 -DATA I CZAS OSTATNIEJ MODYFIKACJI [,]
    • @
    • pole kontrolne
    • 20241231100646.0
040 -Instytucja sporządzająca opis [ , ]
    • a
    • Instytucja, która sporządziła opis (NP)
    • Ł U/AG
    • c
    • Instytucja, która sporządziła rekord (NP)
    • Ł U/AG
    • d
    • Instytucja, która zmodyfikowała rekord (P)
    • Ł U/AG
    • d
    • Instytucja, która zmodyfikowała rekord (P)
    • Ł U/MSs
    • d
    • Instytucja, która zmodyfikowała rekord (P)
    • WA LAZ/AZ
041 -Język dokumentu [0, ]
    • a
    • Język tekstu (P)
    • polski
    • b
    • Język streszczeń lub abstraktu (P)
    • angielski
    • b
    • Język streszczeń lub abstraktu (P)
    • niemiecki
942 -Rodzaj dokumentu [ , ]
    • c
    • Rodzaj dokumentu
    • Książka
245 -Strefa tytułu i oznaczenia odpowiedzialności [0,0]
    • a
    • Tytuł
    • Referaty kongresu "Transport 2000" = Find
    • b
    • Ciąg dalszy tytułu (NP)
    • Papers of kongress "Transport 2000" / Find
    • c
    • Pozostałe elementy strefy tytułu i oznaczenia odpowiedzialności (NP)
    • [red. z. Jolanta Żurowska].
246 -Wariant tytułu [3,1]
    • a
    • Tytuł (NP)
    • Papers of kongress "Transport 2000"
246 -Wariant tytułu [1,4]
    • a
    • Tytuł (NP)
    • Transport 2000
260 -Strefa adresu wydawniczego [ , ]
    • a
    • Miejsce wydania (P)
    • Kraków :
    • b
    • Nazwa wydawcy (P)
    • Stowarzyszenia Inżynierów i Techników Komunikacji ,
    • c
    • Data wydania (P)
    • 2000.
300 -Strefa opisu fizycznego [ , ]
    • a
    • Określenie formy książki i/lub objętość (NP)
    • 438 s. :
    • b
    • Oznaczenie ilustracji (NP)
    • il. ;
    • c
    • Format (NP)
    • 24 cm.
336 -Typ zawartości [ , ]
    • a
    • Termin opisujący typ zawartości
    • Tekst
    • b
    • Kod określający zawartość
    • txt
    • 2
    • Źródło (terminu i kodu)
    • rdacontent
337 -Typ mediów [ , ]
    • a
    • Tryb odtwarzania
    • Bez urządzenia pośredniczącego
    • b
    • Kod typu mediów
    • n
    • 2
    • Źródło (terminu i kodu)
    • rdamedia
338 -Typ/rodzaj nośnika [ , ]
    • a
    • Hasło opisujące typ nośnika
    • Wolumin
    • b
    • Kod typu nośnika
    • nc
    • 2
    • Źródło (terminu i kodu)
    • rdacarrier
490 -Strefa serii i książki wielotomowej - forma nie do wyszukiwania [1, ]
    • a
    • Tytuł (P)
    • Zeszyty Naukowo-Techniczne Oddziału Stowarzyszenia Inżynierów i Techników Komunikacji w Krakowie. Materiały Konferencyjne, Find
    • x
    • ISSN (NP)
    • 1231-9171 ;
    • v
    • Numeracja (P)
    • nr 39
830 -Hasło dodatkowe serii i opisu książki wielotomowej - tytuł ujednolicony/tytuł [ ,0]
    • a
    • Tytuł ujednolicony/tytuł (NP)
    • Zeszyty Naukowo-Techniczne Oddziału Stowarzyszenia Inżynierów i Techników Komunikacji w Krakowie
    • x
    • ISSN
    • 1231-9155
    • v
    • Oznaczenie tomu (NP)
    • z. 81
    • 9
    • KHW
    • 8999
500 -Uwaga ogólna [ , ]
    • a
    • Uwaga ogólna (NP)
    • W serii gł. ISSN 1231-9155, z. 81.
504 -Uwaga dot. bibliogr. załącznikowej [ , ]
    • a
    • Uwaga dot. bibliografii załącznikowej
    • Bibliogr. przy ref.
546 -Uwaga dot. języka [ , ]
    • a
    • Uwaga dot. języka
    • Streszcz. ang., niem.
650 -Hasło przedmiotowe [ ,7]
    • a
    • Hasło przedmiotowe
    • Transport
    • v
    • Określnik formalny
    • konferencje.
    • 2
    • Źródło terminu
    • kaba
    • 9
    • KHW
    • 385181
700 -Hasło dodatkowe - nazwa osobowa [1, ]
    • a
    • Nazwa osobowa (NP)
    • Żurowska, Jolanta. Find
    • e
    • Określenie rodzaju współpracy
    • Red.
    • 9
    • KHW
    • 506698
Data inwentaryzacji Lokalizacja Status udost. Numer inwentarzowy
2009-04-30T-2T.10507